| 000 | 00833nmm a2200265 a 4500 | ||
|---|---|---|---|
| 001 | ocm0001083795 | ||
| 003 | TR-IsHL | ||
| 005 | 20201028151752.0 | ||
| 008 | 150709s2013 tu tur | ||
| 007 | cr cn | ||
| 020 | _a9786054611836 | ||
| 035 |
_a1083795 _b(N$T) |
||
| 050 | 0 | 4 |
_aBF575.B46 _bM472 2013 |
| 090 | 0 | 4 |
_aBF575.B46 _bM472 2013 |
| 100 | 1 | _aMert, Yüksel | |
| 245 | 1 | 0 |
_aAşkın terapisi: (tenden öte ölümden beri) _h[electronic resource] / _cYüksel Mert |
| 260 |
_aİstanbul : _bMola Kitap, _c2013 |
||
| 300 | _a206 p. | ||
| 650 | 4 | _aFelsefe, Psikoloji ve Din | |
| 650 | 4 | _aPhilosophy, Psychology and Religion | |
| 650 | 0 | _aAşk | |
| 650 | 0 | _aLove | |
| 650 | 7 |
_aPSYCHOLOGY / Emotions _2bisacsh |
|
| 856 | 4 | 0 | _uhttp://search.ebscohost.com/login.aspx?direct=true&scope=site&db=e011xww&AN=1083795 |
| 999 |
_c11179 _d11179 |
||